[Event "Sibiria Region-ch"]
[Site "Barnaul"]
[Date "2011.05.20"]
[Round "1"]
[White "Khatnikov, Alexander"]
[Black "Loskutov, Oleg"]
[Result "0-1"]
[WhiteElo "2009"]
[BlackElo "2437"]
[PlyCount "77"]
[EventDate "2011.05.20"]
[EventType "swiss"]
[EventRounds "9"]
[EventCountry "RUS"]
[SourceTitle "EXT 2012"]
[Source "ChessBase"]
[SourceDate "2011.11.24"]
[SourceVersion "1"]
[SourceVersionDate "2011.11.24"]
[SourceQuality "1"]

1. c4 g6 2. Nc3 Bg7 3. Nf3 Nf6 4. g3 0-0 5. Bg2 d6 6. 0-0 e5 7. d3 Nc6 8. Rb1 a5 9. a3 Re8 10. b4 axb4 11. axb4 e4 12. Ng5 exd3 13. exd3 Bg4 14. f3 Bd7 15. Nge4 Nxe4 16. Nxe4 h6 17. Bb2 Nd4 18. f4 Qc8 19. Qd2 Bg4 20. Kh1 Qf5 21. Qf2 Ra2 22. Ra1 Rxb2 23. Qxb2 Ne2 24. Qb3 Qh5 25. Ra5 c5 26. bxc5 Bd4 27. Rb5 dxc5 28. Rxc5 Nxg3+ 29. Nxg3 Qxc5 30. Qxb7 Re3 31. Ne4 Qa3 32. Qd5 Rxd3 33. c5 Bg7 34. Qb7 Be2 35. Rb1 Bf3 36. Bxf3 Rxf3 37. Ng3 Rf2 38. Qd5 Qc3 39. c6 0-1

[Event "Berdsk Maestro op 16th"]
[Site "Berdsk"]
[Date "2010.07.08"]
[Round "1"]
[White "Sviridov, Valery"]
[Black "Khatnikov, Alexander"]
[Result "1-0"]
[WhiteElo "2264"]
[BlackElo "1975"]
[PlyCount "67"]
[EventDate "2010.07.08"]
[EventType "swiss"]
[EventRounds "9"]
[EventCountry "RUS"]
[SourceTitle "EXT 2011"]
[Source "ChessBase"]
[SourceDate "2010.11.26"]
[SourceVersion "1"]
[SourceVersionDate "2010.11.26"]
[SourceQuality "1"]

1. Nf3 Nf6 2. g3 g6 3. Bg2 Bg7 4. 0-0 0-0 5. c4 d6 6. d4 Nbd7 7. Nc3 e5 8. Qc2 c6 9. Rd1 Qc7 10. b3 Re8 11. e4 a6 12. a4 a5 13. Ba3 exd4 14. Nxd4 Ne5 15. Ndb5 cxb5 16. Nxb5 Qb8 17. Nxd6 Ned7 18. Nxe8 Nxe8 19. Rac1 Qc7 20. c5 Ne5 21. f4 Nc6 22. e5 Bg4 23. Rd2 Rd8 24. Bd5 Qe7 25. Qc3 Nc7 26. Bxc6 bxc6 27. Rd6 Nd5 28. Qxa5 Rb8 29. Qd2 Rxb3 30. Rxc6 Rxa3 31. Qxd5 Rxa4 32. Rd6 h5 33. c6 Be6 34. c7 1-0

[Event "Berdsk Maestro op 15th"]
[Site "Berdsk"]
[Date "2009.07.13"]
[Round "6"]
[White "Ilyin, Konstantin"]
[Black "Khatnikov, Alexander"]
[Result "0-1"]
[WhiteElo "2135"]
[BlackElo "1948"]
[PlyCount "71"]
[EventDate "2009.07.08"]
[EventType "swiss"]
[EventRounds "9"]
[EventCountry "RUS"]
[SourceTitle "EXT 2022"]
[Source "ChessBase"]
[SourceDate "2021.10.06"]
[SourceVersion "1"]
[SourceVersionDate "2021.10.06"]
[SourceQuality "1"]

1. Nf3 Nf6 2. c4 g6 3. g3 Bg7 4. Bg2 d6 5. d4 0-0 6. 0-0 Nbd7 7. Qc2 e5 8. Rd1 c6 9. dxe5 dxe5 10. Nxe5 Re8 11. Nxd7 Bxd7 12. Bg5 Qc8 13. Nc3 Bh3 14. Bh1 Qe6 15. Bxf6 Bxf6 16. Ne4 Bg7 17. Rd6 Qe5 18. f4 Qxd6 19. Nxd6 Bd4+ 20. e3 Bxe3+ 21. Qf2 Bxf2+ 22. Kxf2 Re6 23. c5 Bg4 24. Be4 Rd8 25. Bd3 b6 26. Bc4 Re7 27. b4 bxc5 28. bxc5 Rb8 29. Bb3 Kf8 30. Nc4 f6 31. Rc1 Re2+ 32. Kg1 Rbe8 33. Na5 Bh3 34. Nxc6 Rg2+ 35. Kh1 Ree2 36. Rd1 0-1

[Event "RUS-chB U16"]
[Site "Dagomys"]
[Date "2009.04.17"]
[Round "3"]
[White "Suslov, Aleksey"]
[Black "Khatnikov, Alexander"]
[Result "0-1"]
[WhiteElo "1805"]
[BlackElo "1962"]
[PlyCount "92"]
[EventDate "2009.04.15"]
[EventType "swiss"]
[EventRounds "9"]
[EventCountry "RUS"]
[SourceTitle "EXT 2012"]
[Source "ChessBase"]
[SourceDate "2011.11.24"]
[SourceVersion "1"]
[SourceVersionDate "2011.11.24"]
[SourceQuality "1"]

1. e4 c6 2. d4 d5 3. e5 Bf5 4. f4 e6 5. Nf3 c5 6. Be3 Qb6 7. b3 Nc6 8. Bd3 Nh6 9. h3 Bxd3 10. Qxd3 Nf5 11. c3 Ng3 12. Rg1 Nf5 13. Kf2 cxd4 14. cxd4 Nb4 15. Qd2 Rc8 16. Nc3 Be7 17. Rac1 0-0 18. g4 Nxe3 19. Qxe3 f6 20. Rgd1 f5 21. a3 Nc6 22. b4 Qd8 23. Ke2 Qe8 24. Rg1 Qf7 25. g5 Qe8 26. h4 Nb8 27. Rc2 a5 28. Rb1 axb4 29. axb4 Nc6 30. Na2 Qh5 31. Kf2 Qg4 32. Rcb2 Rc7 33. Qd2 Rfc8 34. Rh1 Nxb4 35. Nxb4 Bxb4 36. Qxb4 Rc3 37. Ne1 Qxf4+ 38. Kg1 Rg3+ 39. Rg2 Qe3+ 40. Kf1 Rf3+ 41. Nxf3 Qxf3+ 42. Kg1 Rc1+ 43. Kh2 Qf4+ 44. Rg3 Qxh4+ 45. Kg2 Qxh1+ 46. Kf2 Rc2+ 0-1

[Event "RUS-chB U16"]
[Site "Dagomys"]
[Date "2009.04.16"]
[Round "2"]
[White "Khatnikov, Alexander"]
[Black "Palachev, Petr"]
[Result "0-1"]
[WhiteElo "1962"]
[BlackElo "2094"]
[PlyCount "118"]
[EventDate "2009.04.15"]
[EventType "swiss"]
[EventRounds "9"]
[EventCountry "RUS"]
[SourceTitle "EXT 2010"]
[Source "ChessBase"]
[SourceDate "2010.11.25"]
[SourceVersion "1"]
[SourceVersionDate "2010.11.25"]
[SourceQuality "1"]

1. c4 c6 2. Nc3 d5 3. cxd5 cxd5 4. d4 Nf6 5. Nf3 Nc6 6. Bf4 g6 7. e3 a6 8. Bd3 Bg7 9. 0-0 0-0 10. Rc1 Bf5 11. Bxf5 gxf5 12. Ne5 Rc8 13. Qd3 e6 14. Na4 Nxe5 15. Bxe5 Nd7 16. Bxg7 Kxg7 17. b4 Rc4 18. Rxc4 dxc4 19. Qc3 b5 20. Nc5 Nf6 21. f3 Nd5 22. Qd2 Qg5 23. f4 Qe7 24. a3 Nf6 25. Rf3 Kh8 26. Qc2 Qd6 27. h3 Rg8 28. Kh2 Qc6 29. Qc3 Nd5 30. Qe1 Nf6 31. Qa1 Rg6 32. Qc3 Kg8 33. Qa1 Ne4 34. a4 bxa4 35. Qxa4 Qxa4 36. Nxa4 Kh8 37. Nc5 Rg8 38. Rf1 Rb8 39. Rc1 Rxb4 40. Nxa6 Rb3 41. Rxc4 Rxe3 42. Nc5 Ng3 43. Nd7 Nh5 44. Ne5 f6 45. Rc8+ Kg7 46. Rc7+ Kf8 47. Nc6 Nxf4 48. Rxh7 Re2 49. Kg3 Nxg2 50. Nd8 Ne1 51. Ra7 Rg2+ 52. Kf4 Nd3+ 53. Kf3 Ne1+ 54. Kf4 Re2 55. Kg3 Re4 56. h4 f4+ 57. Kf2 Nd3+ 58. Kf1 f3 59. Ra1 f2 0-1

[Event "Moscow op-B"]
[Site "Moscow"]
[Date "2009.02.06"]
[Round "7"]
[White "Adamson, Garry"]
[Black "Khatnikov, Alexander"]
[Result "1-0"]
[WhiteElo "2115"]
[BlackElo "1958"]
[PlyCount "79"]
[EventDate "2009.01.31"]
[EventType "swiss"]
[EventRounds "9"]
[EventCountry "RUS"]
[SourceTitle "EXT 2012"]
[Source "ChessBase"]
[SourceDate "2011.11.24"]
[SourceVersion "1"]
[SourceVersionDate "2011.11.24"]
[SourceQuality "1"]

1. d4 Nf6 2. c4 g6 3. f3 Bg7 4. e4 d6 5. Nc3 Nc6 6. d5 Nb8 7. Be3 c6 8. Qd2 0-0 9. 0-0-0 cxd5 10. exd5 Nbd7 11. Bd4 a6 12. g4 Qc7 13. Kb1 Ne5 14. Na4 Ned7 15. Rc1 Nc5 16. Nc3 Bd7 17. Bd3 Qa5 18. Nge2 b5 19. Bxc5 dxc5 20. Ne4 Qb6 21. g5 Nxe4 22. fxe4 Rfb8 23. Rc2 bxc4 24. Bxc4 Ba4 25. b3 Bb5 26. Qd3 a5 27. Bxb5 Qxb5 28. Qxb5 Rxb5 29. Rhc1 a4 30. Rxc5 axb3 31. Rc8+ Rxc8 32. Rxc8+ Bf8 33. a4 Rb6 34. Kb2 e6 35. Nc3 exd5 36. Nxd5 Rb7 37. Ra8 Kg7 38. Nf6 Rb6 39. Rxf8 Kxf8 40. Nd7+ 1-0